000 00436pab a2200157 454500
008 180718b1985 xxu||||| |||| 00| 0 eng d
245 _aGovernment of India, report of the high level committee on problems of ex-servicemen (Document)
260 _c1985
300 _ap.200-211.
362 _aJan-Mar
650 _aDocument
650 _aDefence
773 _aIndian Journal of Public Administration
908 _aN
909 _a88707
999 _c88707
_d88707